1858 1211 1586 1557 1335 1844 1305 1426 1818 1553 1877 1491 1473 1032 1055 1993 1560 1387 1549 1855 1636 1021 1107 1647 1057 1303 1475 1870 1711 1243 1757 1679 1439 1462 1009 1874 1014 1587 1343 1047 1432 1335 1144 1855 1106 1621 1333 1180 1366 1760 1960 1022 1528 1095 1843 1271 1493 1182 1812 1493 1135 1782 1414 1239 1605 1157 1633 1538 1789 1031 1777 1907 1911 1908 1125 1640 1514 1729 1384 1710 1969 1553 1046 1762 1724 1467 1096 1771 1462 1729 1077 1849 1791 1521 1546 1165 1097 1115 1809 BCNSPRNW ULIB Ver.6.0+V

เปลี่ยนเป็นภาษาไทย

Change to English
 แสดงรายละเอียดบรรณานุกรม
  กลับหน้าหลัก

Brief Record : Get Marc (ISO 2709) : E-mail record : QR code < ปิดหน้าต่าง
LEADER : 00000nam 2200000uu 4500
001    13399114466
003     ULIB
008    120403s||||||||th 000 0 tha d
020    ^a9786162070594
060 04 ^aWB100^bส743ส
100 0  ^aสมพงษ์ สุวรรณวลัยกร
245 00 ^aสุขภาพดี หมอจุฬาฯ /^cผู้เขียน สมพงษ์ สุวรรณวลัยกร ...
250    ^aพิมพ์ครั้งที่ 21
260    ^aกรุงเทพฯ :^bอัมรินทร์พริ้นติ้งแอนด์พับลิชชิ่ง,^c2554
300    ^a271 หน้า :^bภาพประกอบ ;^c19 ซม.
650  4 ^aสุขภาพ^vรวมเรื่อง
650  4 ^aโรค^vรวมเรื่อง
650  4 ^aการรักษาโรค
700 0  ^aโมนา อัศวิษณุ,^eบรรณาธิการ
945    ^p250^l0^i031591
945    ^p250^l0^i031592
945    ^p250^l0^i031593
995    ^aทศพร
999 ^a ทศพร
รายการนี้ยังไม่มีแท็ก
คุณยังไม่ได้ล็อกอิน คุณสามารถมีกิจกรรมร่วมกับเว็บไซต์ได้ แต่ต้องล็อกอินก่อน ::
  ล็อกอิน

รายการสื่อสารสนเทศ

ลำดับที่ ประเภท เลขเรียก/บาร์โค้ด สถานที่ สถานะ
1. วิทยาศาสตร์การแพทย์ และสุขภาพ
หนังสือสำรอง
สถานะ=หนังสือสำรอง
WB100 ส743ส ฉ.1 
  Barcode: 031591
ห้องสมุดวิทยาเขตสวรรค์ประชารักษ์
►ส่วนจัดเก็บหนังสือเก่า สปร
บนชั้น
  ขอยืม
2. วิทยาศาสตร์การแพทย์ และสุขภาพ
วิทยาศาสตร์การแพทย์ และสุขภาพ
WB100 ส743ส ฉ.2 
  Barcode: 031592
ห้องสมุดวิทยาเขตสวรรค์ประชารักษ์
►ส่วนจัดเก็บหนังสือเก่า สปร
บนชั้น
  ขอยืม
3. วิทยาศาสตร์การแพทย์ และสุขภาพ
วิทยาศาสตร์การแพทย์ และสุขภาพ
WB100 ส743ส ฉ.3 
  Barcode: 031593
ห้องสมุดวิทยาเขตสวรรค์ประชารักษ์
►ส่วนจัดเก็บหนังสือเก่า สปร
บนชั้น
  ขอยืม

รายการใกล้เคียง
    ผู้แต่ง [สมพงษ์ สุวรรณวลัยกร]

    หัวเรื่อง [สุขภาพ รวมเรื่อง]
    หัวเรื่อง [การรักษาโรค]

BibComment


ยังไม่เคยถูกคอมเมนท์

คอมเมนท์ทรัพยากรรายการนี้
  คอมเมนท์: สุขภาพดี หมอจุฬา..


 Copyright 2026. Bcnsprnw @Library